A Szegedi Izraelita Hitközség gratuláló levele Szent-Györgyi Alberthez. A jegyző és az elnök aláírásával

Elmentve itt :
Bibliográfiai részletek
Dokumentumtípus: Kézirat
Megjelent: 1937-10-29
Kulcsszavak:Levelezés - Szegedi Izraelita Hitközség - Szent-Györgyi Albert, Nobel-díj - 1937
Online Access:http://misc.bibl.u-szeged.hu/47728
LEADER 00662ntm a2200157 i 4500
001 misc47728
005 20241207125815.0
008 210111s1937 hu o 000 hun d
040 |a SZTE Miscellanea Repozitórium  |b hun 
041 |a hun 
245 0 2 |a A Szegedi Izraelita Hitközség gratuláló levele Szent-Györgyi Alberthez. A jegyző és az elnök aláírásával  |h [elektronikus dokumentum] 
260 |c 1937-10-29 
300 |a 2 fol. 
561 |a Szent-Györgyi Albert gratuláló levelek 
695 |a Levelezés - Szegedi Izraelita Hitközség - Szent-Györgyi Albert, Nobel-díj - 1937 
856 4 0 |u http://misc.bibl.u-szeged.hu/47728/1/1937_4_082.pdf  |z Dokumentum-elérés